000 00996nam a2200289 a 4500
003 DO-SdBPM
005 20260519132751.0
007 ta
008 180316s2017 dr 000 spa d
020 _a9789945088038
040 _aDO-SdBPM
_bspa
_cBPMSU
_erda
082 0 4 _a028.9
_bG216e 2017
_222
100 1 _aGarcía Tineo, José Alfonso
_d1938-
_4aut.
_eautor
245 1 0 _aEnfoques y motivaciones a la lectura /
_cJosé Alfonso García Tineo
264 _aSanto Domingo :
_bGrupo Creativo,
_c2017
300 _a133 páginas ;
_c22 cm.
336 _atexto
_btxt
_2rdacontente
337 _asin mediación
_bn
_2rdamedia
338 _avolumen
_bnc
_2rdacarrier
500 _aIncluye datos biográficos del autor en la solapa
590 _aInventariado,2026/VM
650 7 _aLibros y lectura para niños.
650 7 _a Promoción de la lectura
_zRepública Dominicana
650 7 _aLectura
_xEnseñanza preescolar.
910 _aVMateo V. Control de calidad. BPMSU
942 _2ddc
_cBK
999 _c13519
_d13519